| Tag |
First Indicator |
Second Indicator |
Subfields |
| LEADER |
00000cam a2200000Ki 4500 |
| 001 |
in00003465521 |
| 005 |
20190407114610.0 |
| 006 |
m o d |
| 007 |
cr cnu---unuuu |
| 008 |
140527s2014 enk ob 001 0 eng d |
| 020 |
|
|
|a 9780191008429 (electronic bk.)
|
| 020 |
|
|
|a 0191008427 (electronic bk.)
|
| 020 |
|
|
|z 9780198703334
|
| 020 |
|
|
|z 0198703333
|
| 035 |
|
|
|a (OCoLC)ocn880579527
|
| 035 |
|
|
|a (OCoLC)880579527
|
| 040 |
|
|
|a N$T
|b eng
|e rda
|e pn
|c N$T
|d OCLCO
|d YDXCP
|d UtOrBLW
|
| 049 |
|
|
|a TXAM
|
| 050 |
|
4 |
|a BR115.E3
|b D64 2014eb
|
| 072 |
|
7 |
|a REL
|x 012110
|2 bisacsh
|
| 072 |
|
7 |
|a REL
|x 070000
|2 bisacsh
|
| 082 |
0 |
4 |
|a 261.9
|b 23
|2 22
|
| 100 |
1 |
|
|a Doherty, Sean,
|d 1980 April 11-
|
| 245 |
1 |
0 |
|a Theology and economic ethics :
|b Martin Luther and Arthur Rich in dialogue /
|c Sean Doherty.
|
| 250 |
|
|
|a First edition.
|
| 264 |
|
1 |
|a Oxford, United Kingdom :
|b Oxford University Press,
|c 2014.
|
| 300 |
|
|
|a 1 online resource (viii, 228 pages)
|
| 336 |
|
|
|a text
|b txt
|2 rdacontent
|
| 337 |
|
|
|a computer
|b c
|2 rdamedia
|
| 338 |
|
|
|a online resource
|b cr
|2 rdacarrier
|
| 490 |
1 |
|
|a Oxford theology and religion monographs
|
| 500 |
|
|
|a Revision of author's thesis (Ph. D.)--University of Oxford, 2012 under title Moral theological method in the theological ethics of Martin Luther and Arthur Rich, with particular reference to their economic ethics.
|
| 504 |
|
|
|a Includes bibliographical references (pages 203-219) and index.
|
| 588 |
|
|
|a Description based on print version record.
|
| 600 |
1 |
0 |
|a Luther, Martin,
|d 1483-1546.
|t Sermon von dem wucher.
|
| 600 |
1 |
0 |
|a Rich, Arthur,
|d 1910-1992.
|t Wirtschaftsethik.
|
| 650 |
|
0 |
|a Economics
|x Religious aspects.
|
| 650 |
|
0 |
|a Economics
|x Moral and ethical aspects.
|
| 650 |
|
0 |
|a Usury
|x Religious aspects
|x Christianity
|v Early works to 1800.
|
| 650 |
|
0 |
|a Business ethics.
|
| 650 |
|
0 |
|a Christian ethics.
|
| 600 |
1 |
7 |
|a Luther, Martin,
|d 1483-1546.
|0 (DE-588)118575449
|2 gnd
|
| 600 |
1 |
7 |
|a Rich, Arthur,
|d 1910-1992.
|0 (DE-588)118600230
|2 gnd
|
| 650 |
0 |
7 |
|a Wirtschaftsethik.
|0 (DE-588)4066439-9
|2 gnd
|
| 650 |
|
7 |
|a RELIGION / Christian Life / Social Issues.
|2 bisacsh
|
| 650 |
|
7 |
|a RELIGION / Christianity / General.
|2 bisacsh
|
| 655 |
|
7 |
|a Electronic books.
|2 local
|
| 776 |
0 |
8 |
|i Print version:
|a Doherty, Sean, 1980 April 11-
|t Theology and economic ethics.
|b First edition
|z 9780198703334
|w (DLC) 2013945565
|w (OCoLC)852830070
|
| 787 |
1 |
|
|a Doherty, Sean, 1980 April 11-
|t Moral theological method in the theological ethics of Martin Luther and Arthur Rich, with particular reference to their economic ethics
|d 2012.
|w (OCoLC)863577301
|
| 830 |
|
0 |
|a Oxford theology and religion monographs.
|
| 856 |
4 |
0 |
|u http://proxy.library.tamu.edu/login?url=http://search.ebscohost.com/login.aspx?direct=true&scope=site&db=nlebk&db=nlabk&AN=781222
|z Connect to the full text of this electronic book
|t 0
|
| 994 |
|
|
|a 92
|b TXA
|
| 948 |
|
|
|a cataloged
|b h
|c 2014/7/14
|d c
|e jlanham
|f 12:50:10 pm
|
| 999 |
|
|
|a MARS
|
| 999 |
f |
f |
|s b625add7-2c1d-3d52-b8a8-a43a7f1035a2
|i 73b472d4-0724-3df9-a6c5-c17b99d0a74e
|t 0
|
| 952 |
f |
f |
|a Texas A&M University
|b College Station
|c Electronic Resources
|d Available Online
|t 0
|e BR115.E3 D64 2014eb
|h Library of Congress classification
|
| 998 |
f |
f |
|a BR115.E3 D64 2014eb
|t 0
|l Available Online
|